[Event "Dutch Open 2015"]
[Site "Dieren NED"]
[Date "2015.07.29"]
[Round "8.2"]
[White "Yankelevich, Lev"]
[Black "L'Ami, Erwin"]
[Result "1/2-1/2"]
[BlackTitle "GM"]
[WhiteElo "2420"]
[BlackElo "2628"]
[WhiteFideId "24684074"]
[BlackFideId "1007998"]
[EventDate "2015.07.21"]

1. Nf3 Nf6 2. c4 b6 3. g3 Bb7 4. Bg2 g6 5. O-O Bg7 6. d4 O-O 7. d5 Ne4 8. Qc2 f5
9. Rd1 c6 10. Ng5 cxd5 11. cxd5 Qc8 12. Bxe4 fxe4 13. Qxe4 Rf5 14. Nc3 e6 15.
Qh4 h6 16. Nge4 g5 17. Qg4 Rxd5 18. Nxd5 Bxd5 19. Nc3 Qc4 20. Qxc4 Bxc4 21. Kf1
Bxc3 22. bxc3 d5 23. f3 Nc6 24. Ba3 Kf7 25. Kf2 a5 26. g4 h5 27. gxh5 Rh8 28.
Rg1 Rxh5 29. Rg2 Kf6 30. Bc1 Ne5 31. Be3 Ng6 32. Rag1 Nf4 33. Bxf4 gxf4 34. a3
Ke7 35. Rh1 Rh3 36. e3 Bd3 37. exf4 Kd6 38. Ke3 Bf5 39. Rg3 Rh4 40. Rg8 Kc5 41.
Rb8 Rh3 42. Rd1 Kc4 43. Rxb6 Rxh2 44. Rd4+ Kxc3 45. Ra6 Rh1 46. Rxa5 Re1+ 47.
Kf2 Ra1 48. Rda4 Kd3 49. Rb4 Ra2+ 50. Kg3 Kc3 51. Rc5+ Kd3 52. Ra5 Ke3 53. Rb3+
Kd2 54. Rb4 Ke3 55. a4 d4 56. Re5+ Kd3 57. Rc5 Ke3 58. Re5+ Kd3 59. Rc5 Ke3 60.
Re5+ 1/2-1/2

[Event "Dutch Open 2015"]
[Site "Dieren NED"]
[Date "2015.07.29"]
[Round "8.3"]
[White "Vereggen, Lars"]
[Black "Moradiabadi, Elshan"]
[Result "0-1"]
[WhiteTitle "FM"]
[BlackTitle "GM"]
[WhiteElo "2314"]
[BlackElo "2567"]
[WhiteFideId "1029258"]
[BlackFideId "12501255"]
[EventDate "2015.07.21"]

1. Nf3 d5 2. c4 d4 3. g3 Nc6 4. Bg2 e5 5. d3 Bb4+ 6. Bd2 a5 7. O-O Nf6 8. Bg5
O-O 9. Nbd2 Be7 10. Bxf6 Bxf6 11. Qc2 Bf5 12. a3 Be7 13. Rad1 Re8 14. Ne1 Qd7
15. Qb3 Nd8 16. Ndf3 Bc5 17. Ng5 a4 18. Qc2 Ra6 19. Ne4 Bf8 20. h4 Ne6 21. Nf3
Ra5 22. e3 Bg4 23. Rde1 b6 24. Neg5 Nxg5 25. Nxg5 f6 26. Ne4 Rd8 27. Kh2 Be6 28.
f4 dxe3 29. Rxe3 Qd4 30. Qe2 Kh8 31. f5 Bf7 32. Nf2 Bc5 33. Re4 Qd7 34. g4 Bxf2
35. Qxf2 Qxd3 36. g5 Rc5 37. h5 Qd2 38. gxf6 gxf6 39. Qh4 Qh6 0-1

[Event "Dutch Open 2015"]
[Site "Dieren NED"]
[Date "2015.07.29"]
[Round "8.4"]
[White "Van Foreest, Jorden"]
[Black "Haslinger, Stewart G"]
[Result "1-0"]
[WhiteTitle "IM"]
[BlackTitle "GM"]
[WhiteElo "2514"]
[BlackElo "2526"]
[WhiteFideId "1039784"]
[BlackFideId "405248"]
[EventDate "2015.07.21"]

1. e4 e5 2. Nf3 Nc6 3. Bb5 a6 4. Ba4 Nf6 5. O-O Be7 6. d3 d6 7. c3 O-O 8. Nbd2
Nd7 9. Bc2 Nb6 10. b4 d5 11. Bb2 Be6 12. a4 f6 13. b5 dxe4 14. Nxe4 Na5 15. c4
Bb4 16. Ba3 Bxa3 17. Rxa3 Qe7 18. Qa1 axb5 19. cxb5 Nd5 20. Re1 Nb4 21. Bb1 Rfd8
22. Ned2 Qd6 23. Qc3 Nd5 24. Qc1 b6 25. d4 Nf4 26. dxe5 fxe5 27. Rae3 Bf7 28.
Rxe5 Ng6 29. R5e3 Qf4 30. Re4 Qd6 31. Qb2 c5 32. Ba2 Qf6 33. Bxf7+ Qxf7 34. h4
Qd5 35. Re7 Nxe7 36. Rxe7 Qd4 37. Nxd4 Rxd4 38. Nf3 1-0

[Event "Dutch Open 2015"]
[Site "Dieren NED"]
[Date "2015.07.29"]
[Round "8.5"]
[White "Beukema, Stefan"]
[Black "Ikonnikov, Vyacheslav"]
[Result "0-1"]
[WhiteTitle "FM"]
[BlackTitle "GM"]
[WhiteElo "2363"]
[BlackElo "2527"]
[WhiteFideId "1024523"]
[BlackFideId "4100972"]
[EventDate "2015.07.21"]

1. f4 Nf6 2. Nf3 g6 3. g3 c6 4. Bg2 Qb6 5. e3 Bg7 6. O-O O-O 7. Kh1 d5 8. d3 Ng4
9. d4 Nf6 10. c4 Bf5 11. Nc3 Qa6 12. Ne5 e6 13. b4 Ne4 14. b5 Qa5 15. Nxe4 Bxe4
16. Bxe4 dxe4 17. bxc6 bxc6 18. Bd2 Qa6 19. Qc2 f6 20. Ng4 Re8 21. Bb4 Nd7 22.
Bd6 Nb6 23. c5 Nd5 24. Qb3 Bf8 25. Rab1 h5 26. Nf2 Bxd6 27. cxd6 f5 28. d7 Red8
29. Qb7 Qxb7 30. Rxb7 Nxe3 31. Rc1 Kf7 32. Rxc6 Ke7 33. Rb3 Nd5 34. Nh3 Kxd7 35.
Ra6 Nc7 36. Rb7 Rdb8 37. Rxb8 Rxb8 38. Rxa7 Rb2 39. Ng5 e3 40. Nf3 Kc8 41. Kg1
h4 42. Ra3 Nd5 43. Ra8+ Kb7 44. Rh8 hxg3 45. hxg3 Nc3 46. Rh2 Ne2+ 47. Kf1 Nxg3+
48. Kg1 Rb1+ 49. Kg2 Nh5 0-1

[Event "Dutch Open 2015"]
[Site "Dieren NED"]
[Date "2015.07.29"]
[Round "8.6"]
[White "Maris, Ivo"]
[Black "Lecomte, Robin"]
[Result "1-0"]
[WhiteElo "2262"]
[BlackElo "2331"]
[WhiteFideId "1028146"]
[BlackFideId "1037170"]
[EventDate "2015.07.21"]

1. Nf3 Nf6 2. g3 g6 3. b4 Bg7 4. Bb2 O-O 5. Bg2 d6 6. O-O Nbd7 7. c4 c5 8. bxc5
dxc5 9. d3 Rb8 10. Qc2 a6 11. a4 Qc7 12. a5 b5 13. axb6 Qxb6 14. Bc3 Ne8 15.
Bxg7 Kxg7 16. Nc3 Bb7 17. Rfb1 Qd6 18. Na4 Nc7 19. Qc3+ f6 20. e3 Bc6 21. Rxb8
Rxb8 22. Qc2 Ne5 23. Nxe5 Qxe5 24. Nc3 Bxg2 25. Kxg2 Qd6 26. Ne4 Qc6 27. Qa4 Rb6
28. Qxc6 Rxc6 29. Ra5 Ne6 30. Kf3 f5 31. Nd2 Rb6 32. Ra3 g5 33. Nb3 g4+ 34. Ke2
Kf7 35. Kd2 Ke8 36. Kc3 Nc7 37. Nxc5 Rh6 38. Rb3 Rxh2 39. Rb7 Rxf2 40. Rxc7 Rg2
41. Rc8+ Kf7 42. Kd4 Rxg3 43. Nd7 Rg1 44. Ne5+ Kg7 45. Rb8 Rf1 46. Rb2 h5 47. c5
Rc1 48. c6 Kf6 49. Nc4 Ke6 50. Rb8 1-0

[Event "Dutch Open 2015"]
[Site "Dieren NED"]
[Date "2015.07.29"]
[Round "8.7"]
[White "Harff, Marcel"]
[Black "Kolbus, Dietmar"]
[Result "1/2-1/2"]
[WhiteTitle "FM"]
[BlackTitle "IM"]
[WhiteElo "2313"]
[BlackElo "2309"]
[WhiteFideId "24621382"]
[BlackFideId "4610628"]
[EventDate "2015.07.21"]

1. c4 e5 2. g3 Nf6 3. Bg2 Bc5 4. Nc3 O-O 5. e3 d6 6. Nge2 c6 7. O-O Bb6 8. d4
Bc7 9. b3 Re8 10. dxe5 dxe5 11. Qxd8 Rxd8 12. Ba3 1/2-1/2

[Event "Dutch Open 2015"]
[Site "Dieren NED"]
[Date "2015.07.29"]
[Round "8.8"]
[White "Buckels, Valentin"]
[Black "Ypma, Peter"]
[Result "1-0"]
[WhiteElo "2152"]
[BlackElo "2246"]
[WhiteFideId "12942766"]
[BlackFideId "1027255"]
[EventDate "2015.07.21"]

1. d4 g6 2. c4 Bg7 3. Nf3 d6 4. g3 e5 5. Nc3 Nc6 6. dxe5 Nxe5 7. Nxe5 Bxe5 8.
Bg2 c6 9. O-O Be6 10. Qd3 h5 11. Rd1 h4 12. Ne4 hxg3 13. hxg3 Qa5 14. Bd2 Qc7
15. Bc3 O-O-O 16. c5 f6 17. cxd6 Qh7 18. f3 Bxc3 19. Qxc3 Bh3 20. Qa5 Bxg2 21.
Kxg2 f5 22. Rh1 Qg7 23. Rxh8 fxe4 24. Qc7+ Qxc7 25. dxc7 Kxc7 26. Rah1 exf3+ 27.
Kxf3 Rf8+ 28. Kg2 Re8 29. R1h7+ Kb6 30. Rg7 Rxe2+ 31. Kf3 Rxb2 32. Rhxg8 a5 33.
a4 Rb4 34. g4 g5 35. Rxg5 Rxa4 36. Ra8 Ra1 37. Rgxa5 Rxa5 38. Rxa5 Kxa5 39. g5
b5 40. g6 c5 41. g7 c4 42. g8=Q Kb4 43. Ke2 Kc3 44. Kd1 b4 45. Kc1 b3 46. Qg3+
Kb4 47. Kb2 1-0

[Event "Dutch Open 2015"]
[Site "Dieren NED"]
[Date "2015.07.29"]
[Round "8.9"]
[White "Patil, Pratik"]
[Black "Goudriaan, Etienne"]
[Result "1/2-1/2"]
[BlackTitle "IM"]
[WhiteElo "2181"]
[BlackElo "2376"]
[WhiteFideId "5038758"]
[BlackFideId "1021150"]
[EventDate "2015.07.21"]

1. e4 c5 2. c3 b6 3. d4 Bb7 4. Bd3 cxd4 5. cxd4 Nc6 6. d5 Ne5 7. Be2 e6 8. Nc3
Nf6 9. Nf3 Nxf3+ 10. Bxf3 Bd6 11. O-O Be5 12. Be3 Qc7 13. g3 O-O 14. Rc1 Rac8
15. Bg2 Qb8 16. Bd4 Rc4 17. Bxe5 Qxe5 18. f4 Qc7 19. Qd2 Rc8 20. Rcd1 b5 21.
dxe6 dxe6 22. e5 Bxg2 23. Kxg2 Ne4 24. Qd7 Nxc3 25. Qxc7 R4xc7 26. bxc3 Rxc3 27.
Rd7 Ra3 28. Rf2 h5 29. Kh3 g6 30. Rfd2 a5 31. Ra7 b4 32. Kh4 Kg7 33. Kg5 Rf8 34.
Ra6 Rh8 35. Ra7 h4 36. g4 h3 37. Rdd7 Rf8 38. f5 gxf5 39. gxf5 Rxa2 40. fxe6
Rg2+ 41. Kf5 Rxh2 42. Rxf7+ Rxf7+ 43. Rxf7+ Kg8 44. Kf6 Rf2+ 45. Kg6 Rg2+ 46.
Kf6 Rf2+ 47. Kg6 Rg2+ 48. Kf6 Rf2+ 1/2-1/2

[Event "Dutch Open 2015"]
[Site "Dieren NED"]
[Date "2015.07.29"]
[Round "8.10"]
[White "Zwirs, Nico"]
[Black "Van Foreest, Lucas"]
[Result "1-0"]
[WhiteElo "2346"]
[BlackElo "2294"]
[WhiteFideId "1036432"]
[BlackFideId "1039792"]
[EventDate "2015.07.21"]

1. e4 e5 2. Nf3 Nc6 3. Bb5 a6 4. Ba4 Nf6 5. O-O b5 6. Bb3 Bc5 7. d3 d6 8. a4 Bg4
9. c3 Rb8 10. h3 Bh5 11. Nbd2 Qd7 12. axb5 axb5 13. Re1 g5 14. d4 exd4 15. e5
dxe5 16. Nxe5 Bxd1 17. Nxd7+ Kxd7 18. Rxd1 Bd6 19. Nf3 g4 20. hxg4 Nxg4 21. cxd4
f6 22. Nh4 Ne7 23. Re1 h5 24. Bd2 Rh7 25. Ra6 Rg7 26. Be6+ Ke8 27. Bxg4 Rxg4 28.
Rxd6 cxd6 29. Nf5 Kd8 30. Rxe7 Ra8 31. Rh7 Ra6 32. f3 Rg8 33. d5 h4 34. Bc3 h3
35. Bxf6+ Ke8 36. Re7+ Kf8 37. Ng7 Rb6 38. Ne6# 1-0

[Event "Dutch Open 2015"]
[Site "Dieren NED"]
[Date "2015.07.29"]
[Round "8.11"]
[White "Kollen, Zyon"]
[Black "Boersma, Jan"]
[Result "1-0"]
[WhiteElo "2220"]
[BlackElo "2119"]
[WhiteFideId "1024256"]
[BlackFideId "1003267"]
[EventDate "2015.07.21"]

1. e4 c5 2. Nf3 g6 3. d4 cxd4 4. Nxd4 Nc6 5. Nc3 Bg7 6. Be3 Nf6 7. Bc4 O-O 8.
Bb3 d6 9. f3 Na5 10. Qd2 a6 11. O-O-O Qc7 12. Bh6 Nc4 13. Bxc4 Qxc4 14. h4 b5
15. h5 b4 16. Bxg7 bxc3 17. Qh6 cxb2+ 18. Kb1 Be6 19. Nxe6 Qxe6 20. hxg6 fxg6
21. Bxf8 Rxf8 22. Rd3 Qf7 23. Ra3 Nh5 24. Rxa6 Nf4 25. Ra7 Rc8 26. Qh4 Ne2 27.
c4 Nc3+ 28. Kxb2 Qg7 29. e5 Na4+ 30. Kc2 Qf7 31. Rxa4 1-0

[Event "Dutch Open 2015"]
[Site "Dieren NED"]
[Date "2015.07.29"]
[Round "8.12"]
[White "Van Helvoort, Rob"]
[Black "Foisor, Sabina-Francesca"]
[Result "1/2-1/2"]
[BlackTitle "WGM"]
[WhiteElo "2130"]
[BlackElo "2202"]
[WhiteFideId "1005596"]
[BlackFideId "1212915"]
[EventDate "2015.07.21"]

1. d4 Nf6 2. Nf3 e6 3. e3 d5 4. Nbd2 c5 5. c3 Nc6 6. Bd3 Be7 7. O-O O-O 8. Ne5
Nxe5 9. dxe5 Nd7 10. f4 f5 11. exf6 Nxf6 12. e4 c4 13. Be2 Bc5+ 14. Kh1 b5 15.
a4 Bd7 16. axb5 Bxb5 17. Qe1 Nxe4 18. Bg4 Nf6 19. Bxe6+ Kh8 20. f5 Bd7 21. Nf3
Bxe6 22. fxe6 Ne4 23. Be3 Qb6 24. Bxc5 Qxc5 25. Qh4 Rf6 26. Nd4 Raf8 27. Rxf6
Rxf6 28. Kg1 h6 29. Ra6 Qf8 30. Qe1 Qb8 31. Rc6 Qe5 32. Nf3 Qb8 33. Nd4 Qe5 34.
Nf3 Qb8 1/2-1/2

[Event "Dutch Open 2015"]
[Site "Dieren NED"]
[Date "2015.07.29"]
[Round "8.13"]
[White "Bollen, Guus"]
[Black "Miedema, David"]
[Result "0-1"]
[BlackTitle "IM"]
[WhiteElo "2088"]
[BlackElo "2356"]
[WhiteFideId "1027883"]
[BlackFideId "1018477"]
[EventDate "2015.07.21"]

1. e4 e6 2. d4 d5 3. exd5 exd5 4. c4 Nf6 5. Nc3 Bb4 6. Bd3 O-O 7. Ne2 dxc4 8.
Bxc4 h6 9. O-O c6 10. Nf4 Bd6 11. Re1 Nbd7 12. Ng6 Nb6 13. Nxf8 Nxc4 14. Ng6
fxg6 15. Qb3 b5 16. a4 Kh7 17. axb5 cxb5 18. Nxb5 Nb6 19. Qf7 Bb4 20. Bd2 Bxd2
21. Re7 Qg8 22. Raxa7 Qxf7 23. Rxf7 Rxa7 24. Rxa7 Nbd5 25. Nd6 Bd7 26. Nf7 Bc1
27. Ra8 g5 28. Rh8+ Kg6 29. Ne5+ Kf5 30. Rb8 Be6 31. g3 Ke4 32. Rb7 Kxd4 33.
Nc6+ Kc5 34. Ne5 Kd4 35. Nc6+ Ke4 36. Rxg7 Bxb2 37. Rg6 Bd7 38. Nd8 Ng4 39. Kg2
Bf6 40. h3 Bxd8 41. hxg4 Bxg4 42. Rxh6 Bf3+ 43. Kf1 g4 44. Re6+ Kd3 45. Kg1 Bb6
46. Kf1 Bd4 47. Re8 Nc3 48. Kg1 Ne4 49. Rd8 Nxg3 50. Rxd4+ Kxd4 51. Kh2 Ne4 0-1

[Event "Dutch Open 2015"]
[Site "Dieren NED"]
[Date "2015.07.29"]
[Round "8.14"]
[White "Beerdsen, Thomas"]
[Black "Schoppen, Casper"]
[Result "1-0"]
[WhiteTitle "FM"]
[WhiteElo "2317"]
[BlackElo "2215"]
[WhiteFideId "1030108"]
[BlackFideId "1046730"]
[EventDate "2015.07.21"]

1. e4 c5 2. Nf3 d6 3. d4 cxd4 4. Nxd4 Nf6 5. Nc3 a6 6. Be3 e6 7. f4 Nc6 8. Bc4
Be7 9. O-O O-O 10. Bb3 Qc7 11. f5 Nxd4 12. Bxd4 b5 13. a3 e5 14. Bf2 Bb7 15. Qf3
Rfe8 16. g4 d5 17. g5 dxe4 18. Qh3 e3 19. Bxe3 Ne4 20. g6 Ng5 21. Bxg5 Bxg5 22.
gxf7+ Kh8 23. fxe8=Q+ Rxe8 24. Rf2 Rd8 25. Rd1 Rxd1+ 26. Nxd1 Qb6 27. Kf1 h6 28.
f6 Bxf6 29. Qe6 Qd8 30. Rd2 Qf8 31. Qf7 1-0

[Event "Dutch Open 2015"]
[Site "Dieren NED"]
[Date "2015.07.29"]
[Round "8.15"]
[White "Van Osch, Mees"]
[Black "Go, Benjamin"]
[Result "1-0"]
[WhiteElo "2264"]
[BlackElo "2141"]
[WhiteFideId "1035967"]
[BlackFideId "1014560"]
[EventDate "2015.07.21"]

1. e4 e5 2. Nf3 Nc6 3. Bc4 Nf6 4. Ng5 d5 5. exd5 Na5 6. Bb5+ c6 7. dxc6 bxc6 8.
Bd3 Nd5 9. Nf3 Bd6 10. O-O O-O 11. Re1 Re8 12. Nc3 f5 13. Bf1 e4 14. Nd4 Bc5 15.
Nce2 Qf6 16. c3 Nc4 17. d3 Ne5 18. dxe4 fxe4 19. Ng3 Ng4 20. f3 Nxh2 21. Rxe4
Bf5 22. Nxf5 Qxf5 23. Bd3 Qh5 24. Bd2 Nf6 25. Rxe8+ Rxe8 26. Bf4 Nhg4 27. fxg4
Qh4 28. Qf3 Nxg4 29. Bg3 Qg5 30. Qf4 Qh5 31. Bc4+ Kh8 32. Bf7 Bxd4+ 33. cxd4 1-0

[Event "Dutch Open 2015"]
[Site "Dieren NED"]
[Date "2015.07.29"]
[Round "8.16"]
[White "Beeke, Bob"]
[Black "Lentjes, Noud"]
[Result "1/2-1/2"]
[WhiteElo "2247"]
[BlackElo "2116"]
[WhiteFideId "1011634"]
[BlackFideId "1029827"]
[EventDate "2015.07.21"]

1. d4 d5 2. c4 c6 3. Nf3 Nf6 4. Nbd2 Bf5 5. Nh4 Be4 6. f3 Bg6 7. Qb3 Qb6 8. Nxg6
hxg6 9. e3 e6 10. Bd3 Nbd7 11. f4 Bb4 12. c5 Bxd2+ 13. Bxd2 Qc7 14. Qc2 b6 15.
b4 Ke7 16. O-O g5 17. cxb6 axb6 18. a4 Qd6 19. Rfc1 Rac8 20. a5 b5 21. Rf1 gxf4
22. exf4 g5 23. Rae1 gxf4 24. Rxf4 Rcg8 25. Qd1 Nh5 26. Rh4 Nhf6 27. Rf4 Nh5 28.
Rh4 Nhf6 29. Rf4 1/2-1/2

[Event "Dutch Open 2015"]
[Site "Dieren NED"]
[Date "2015.07.29"]
[Round "8.17"]
[White "Yogesh, Gautam"]
[Black "Bus, Tom"]
[Result "1-0"]
[WhiteElo "2178"]
[BlackElo "2153"]
[WhiteFideId "5009324"]
[BlackFideId "1014374"]
[EventDate "2015.07.21"]

1. e4 c6 2. d4 d5 3. f3 Qb6 4. Nc3 dxe4 5. fxe4 e5 6. Nf3 exd4 7. Qxd4 Qxd4 8.
Nxd4 Bc5 9. Be3 Nd7 10. O-O-O Ngf6 11. h3 O-O 12. g4 Re8 13. Bg2 Ne5 14. Bg5
Bxd4 15. Rxd4 Nfd7 16. Rhd1 Nf8 17. Bf4 Nfg6 18. Bg3 Be6 19. b3 h6 20. Ne2 f6
21. Rd6 Nf7 22. R6d2 Nge5 23. Nd4 Rad8 24. Nf5 Bxf5 25. exf5 Rxd2 26. Rxd2 Kf8
27. a4 Ke7 28. Bf2 b6 29. a5 c5 30. b4 cxb4 31. axb6 axb6 32. Bxb6 Nd7 33. Bc7
Rc8 34. Ba5 b3 35. c3 Nfe5 36. Bb4+ Ke8 37. Bd5 Nc5 38. Bxc5 Rxc5 39. Kb2 Rb5
40. Rd4 Ke7 41. Bxb3 Nc6 42. Re4+ Kd6 43. Re6+ Kd7 44. Kc2 Re5 45. Ba4 Rxe6 46.
fxe6+ Kd6 47. Bxc6 Kxc6 48. h4 g6 49. Kd3 Kd6 50. Ke4 Kxe6 51. h5 f5+ 52. gxf5+
gxf5+ 53. Kf4 Kf6 54. c4 Ke6 55. c5 1-0

[Event "Dutch Open 2015"]
[Site "Dieren NED"]
[Date "2015.07.29"]
[Round "8.18"]
[White "Hamblok, Roel"]
[Black "Beukema, Jasper"]
[Result "1-0"]
[WhiteTitle "FM"]
[WhiteElo "2305"]
[BlackElo "1942"]
[WhiteFideId "209317"]
[BlackFideId "1032984"]
[EventDate "2015.07.21"]

1. d4 d5 2. Bf4 Nf6 3. e3 c6 4. Nf3 Bg4 5. c4 e6 6. Qb3 b6 7. Ne5 Bf5 8. Be2 Be7
9. Nc3 O-O 10. cxd5 exd5 11. O-O Ne4 12. Rfd1 f6 13. Nf3 Kh8 14. Rac1 g5 15. Bg3
h5 16. Nxe4 dxe4 17. Nd2 h4 18. Bxb8 Rxb8 19. Rxc6 Qd7 20. Rdc1 Rbc8 21. Qc4 Qb7
22. Rc7 Qb8 23. Qc6 Rxc7 24. Qxc7 Bd6 25. Qxb8 Bxb8 26. Bb5 Rf7 27. Bc6 Re7 28.
Bxe4 Be6 29. g3 hxg3 30. hxg3 Kg7 31. a3 f5 32. Bg2 Rd7 33. Rc6 Kf7 34. Nf3 Ba2
35. Nxg5+ 1-0

[Event "Dutch Open 2015"]
[Site "Dieren NED"]
[Date "2015.07.29"]
[Round "8.19"]
[White "Afek, Yochanan"]
[Black "Evengroen, Henk-Jan"]
[Result "1-0"]
[WhiteTitle "IM"]
[WhiteElo "2273"]
[BlackElo "2163"]
[WhiteFideId "2800462"]
[BlackFideId "1019252"]
[EventDate "2015.07.21"]

1. e4 e5 2. Nf3 Nc6 3. Nc3 Nf6 4. d4 exd4 5. Nxd4 Bb4 6. Nxc6 bxc6 7. Bd3 d5 8.
exd5 cxd5 9. O-O O-O 10. Bg5 Bxc3 11. bxc3 Qd6 12. Bxf6 Qxf6 13. Qh5 g6 14. Qxd5
Rb8 15. c4 Qb6 16. a4 Be6 17. a5 Qd6 18. Qxd6 cxd6 19. Rfb1 Rxb1+ 20. Rxb1 Rc8
21. Rb7 Bxc4 22. Kf1 a6 23. Rb6 Rc5 24. Bxc4 Rxc4 25. Rxa6 d5 26. Rd6 Rxc2 27.
Rxd5 Ra2 28. g4 Kf8 29. Kg2 Ke7 30. Kg3 h6 31. h4 Ra4 32. Rb5 Ke6 33. Rb6+ Ke5
34. a6 Ra3+ 35. f3 g5 36. Rxh6 gxh4+ 37. Kxh4 f6 38. f4+ Kxf4 39. Rxf6+ Ke5 40.
Rb6 Kf4 41. Rf6+ Ke5 42. Kg5 Ra4 43. Rb6 Ke4 44. Kf6 1-0

[Event "Dutch Open 2015"]
[Site "Dieren NED"]
[Date "2015.07.29"]
[Round "8.20"]
[White "Op den Dries, Johan"]
[Black "Maatman, Nick"]
[Result "0-1"]
[WhiteElo "2063"]
[BlackElo "2266"]
[WhiteFideId "1021257"]
[BlackFideId "1040391"]
[EventDate "2015.07.21"]

1. e4 e6 2. Qe2 Nf6 3. c4 d5 4. cxd5 exd5 5. exd5+ Be7 6. Qb5+ c6 7. dxc6 Nxc6
8. Nf3 O-O 9. Be2 Nb4 10. Na3 Bd7 11. Qe5 Re8 12. Qd4 Rc8 13. Ne5 Bc5 14. Qf4
Nbd5 15. Qg5 Bxf2+ 16. Kf1 h6 17. Nxf7 Kxf7 18. Bh5+ Kg8 19. Qg6 Nxh5 20. Qxh5
Nf6 21. Qf3 Re1+ 22. Kxf2 Rxh1 0-1

[Event "Dutch Open 2015"]
[Site "Dieren NED"]
[Date "2015.07.30"]
[Round "9.1"]
[White "Van Foreest, Jorden"]
[Black "Reinderman, Dimitri"]
[Result "1/2-1/2"]
[WhiteTitle "IM"]
[BlackTitle "GM"]
[WhiteElo "2514"]
[BlackElo "2584"]
[WhiteFideId "1039784"]
[BlackFideId "1001302"]
[EventDate "2015.07.21"]

1. e4 c5 2. Nf3 a6 3. c3 e6 4. d4 d5 5. Nbd2 cxd4 6. cxd4 dxe4 7. Nxe4 Nf6 8.
Nxf6+ Qxf6 9. Bd3 Bb4+ 10. Kf1 Qe7 11. Bg5 f6 12. Qc2 Nc6 13. Be3 g6 14. a3 Bd6
15. Re1 Qc7 16. Bh6 Kf7 17. Qe2 Bf4 18. Bxf4 Qxf4 19. Be4 Qd6 20. Qe3 Ne7 21. h4
Bd7 22. Kg1 Bc6 23. g3 Nf5 24. Qd3 Rad8 25. h5 Kg7 26. hxg6 hxg6 27. Rxh8 Rxh8
28. Kg2 Kf7 29. Rc1 Ne7 30. b4 Bxe4 31. Qxe4 Qd5 32. Qg4 Rc8 33. Rh1 Rc3 34.
Rh7+ Ke8 35. Qf4 f5 36. Qb8+ Kd7 37. Qf4 Rxa3 38. Rg7 b6 39. g4 a5 40. bxa5 bxa5
41. Rxe7+ Kxe7 42. Qc7+ Ke8 43. Qc8+ Kf7 44. Qc7+ Ke8 1/2-1/2

[Event "Dutch Open 2015"]
[Site "Dieren NED"]
[Date "2015.07.30"]
[Round "9.2"]
[White "L'Ami, Erwin"]
[Black "Moradiabadi, Elshan"]
[Result "1/2-1/2"]
[WhiteTitle "GM"]
[BlackTitle "GM"]
[WhiteElo "2628"]
[BlackElo "2567"]
[WhiteFideId "1007998"]
[BlackFideId "12501255"]
[EventDate "2015.07.21"]

1. d4 Nf6 2. c4 e6 3. Nc3 Bb4 4. Qc2 b6 5. a3 Bxc3+ 6. Qxc3 Bb7 7. Bg5 h6 8. Bh4
g5 9. Bg3 Ne4 10. Qc2 d6 11. e3 Nd7 12. Ne2 h5 13. f3 Nxg3 14. hxg3 Qe7 15. Nc3
O-O-O 16. O-O-O g4 17. f4 h4 18. gxh4 Rxh4 19. Bd3 Rdh8 20. Rhe1 Kb8 21. Be4
Bxe4 22. Qxe4 Nf6 23. Qc2 d5 24. Qa4 Rh2 25. Rd2 Qe8 26. Qxe8+ Rxe8 27. b3 c6
28. Kc2 Nh5 29. Kd3 f5 30. a4 Ng3 31. a5 Rh1 32. Rxh1 Nxh1 33. axb6 axb6 34. Ra2
Kb7 35. c5 b5 36. b4 Ng3 37. Ra1 Rh8 38. Kd2 Rh2 39. Rg1 Ne4+ 40. Kc2 Kc7 41.
Nd1 Rh8 42. Nb2 Nf2 43. Rf1 Ne4 1/2-1/2

[Event "Dutch Open 2015"]
[Site "Dieren NED"]
[Date "2015.07.30"]
[Round "9.3"]
[White "Ikonnikov, Vyacheslav"]
[Black "Maris, Ivo"]
[Result "1-0"]
[WhiteTitle "GM"]
[WhiteElo "2527"]
[BlackElo "2262"]
[WhiteFideId "4100972"]
[BlackFideId "1028146"]
[EventDate "2015.07.21"]

1. d4 d6 2. Nf3 h6 3. c4 Bf5 4. Nc3 Nf6 5. g3 c6 6. Bg2 Nbd7 7. d5 c5 8. Nh4 Bh7
9. e4 g5 10. Nf5 Bxf5 11. exf5 Bg7 12. Bd2 Ne5 13. Qc2 Nfd7 14. b3 b5 15. cxb5
a6 16. O-O axb5 17. Nxb5 Qb6 18. a4 O-O 19. Bc3 g4 20. Kh1 c4 21. bxc4 Rfc8 22.
a5 Qa6 23. Na3 Nxc4 24. Bxg7 Nce5 25. Qd2 Kxg7 26. Nc2 Qd3 27. Qxd3 Nxd3 28. Nd4
Rc5 29. a6 Nb4 30. a7 Rc7 31. Ra4 Nd3 32. Nc6 N7e5 33. Ra3 Nxc6 34. dxc6 Nc5 35.
Rfa1 Kf6 36. Kg1 Kxf5 37. Ra5 Kf6 38. R1a3 e6 39. Kf1 Ke7 40. Ke2 f5 41. Kd2 e5
42. Bd5 Ne4+ 43. Kd3 Nc5+ 44. Kc4 Nb7 45. Rb5 Nc5 46. Rb8 Raxa7 47. Rxa7 Rxa7
48. Kb5 Ne6 49. Rb7+ Nc7+ 50. Kb6 Rxb7+ 51. cxb7 Nxd5+ 52. Ka5 1-0

[Event "Dutch Open 2015"]
[Site "Dieren NED"]
[Date "2015.07.30"]
[Round "9.4"]
[White "Brandenburg, Daan"]
[Black "Yankelevich, Lev"]
[Result "1/2-1/2"]
[WhiteTitle "GM"]
[WhiteElo "2511"]
[BlackElo "2420"]
[WhiteFideId "1011014"]
[BlackFideId "24684074"]
[EventDate "2015.07.21"]

1. e4 c5 2. c3 Nf6 3. e5 Nd5 4. Nf3 d6 5. Bc4 dxe5 6. Nxe5 e6 7. d4 Be7 8. dxc5
Bxc5 9. O-O O-O 10. Qe2 Nc6 11. Nf3 Qc7 12. Rd1 Nf4 13. Qe4 Ng6 14. Nbd2 b5 15.
Bxb5 Bb7 16. Qe1 e5 17. Ne4 Be7 18. Be3 Nb8 19. Ng3 Bxf3 20. gxf3 f5 21. Qf1 Kh8
22. Qc4 Qb7 23. Qd5 Qxd5 24. Rxd5 f4 25. Bc5 fxg3 26. hxg3 Bxc5 27. Rxc5 a6 28.
Be2 Ra7 29. Rd1 Re8 30. b4 Nf8 31. a4 g6 32. Rd6 Kg7 33. Bd3 Rd7 34. Rxd7+ Nfxd7
35. Rc7 Re6 36. b5 axb5 37. Bxb5 Kf6 38. a5 Ke7 39. a6 Rxa6 40. Rxd7+ Nxd7 41.
Bxa6 Nc5 42. Bb5 h5 43. Kg2 Kf6 44. Kh3 Kg5 45. Be2 Na4 46. c4 Nc5 47. Bd1 Nd3
48. Bc2 Nc5 49. Kg2 Kf6 50. Kf1 g5 51. Kg2 Kg7 52. Bd1 Kg6 53. Be2 Kf6 54. Kf1
Kf5 55. Ke1 h4 56. Kf1 hxg3 57. fxg3 e4 58. Kf2 exf3 59. Kxf3 g4+ 60. Ke3 Ke5
61. Bd3 Ne6 62. Bg6 Nc5 63. Bh7 Ne6 64. Kd3 Ng7 65. Ke3 Nh5 66. Kf2 Nf6 67. Bd3
Kd4 68. Be2 Ne4+ 69. Kg2 Nf6 70. Kg1 Ke3 71. Bd1 Kd4 72. Be2 1/2-1/2